Iron Maiden Songs Using Any Word - Statistics

General Stats
  • This quiz has been taken 1,625 times
    1,306 since last reset
  • The average score is 117 of 163
Answer Stats
Answer % Correct
2 A.M
99%
Bring Your Daughter... to the Slaughter
99%
Death of the Celts
99%
Don't Look to the Eyes of a Stranger
99%
Fear is the Key
99%
Fear of the Dark
99%
Flash of the Blade
99%
Phantom of the Opera
99%
Rime of the Ancient Mariner
99%
Run to the Hills
99%
Seventh Son of a Seventh Son
99%
Tears of a Clown
99%
The Man Who Would Be King
99%
The Number of the Beast
99%
Alexander the Great
98%
Back in the Village
98%
Blood on the World's Hands
98%
Charlotte the Harlot
98%
Children of the Damned
98%
Empire of the Clouds
98%
Face in the Sand
98%
For the Greater Good of God
98%
Ghost of the Navigator
98%
Lord of the Flies
98%
Lost in a Lost World
98%
Man on the Edge
98%
Murders in the Rue Morgue
98%
No Prayer for the Dying
98%
Only the Good Die Young
98%
Out of the Shadows
98%
Out of the Silent Planet
98%
Satellite 15... The Final Frontier
98%
Shadows of the Valley
98%
Sign of the Cross
98%
Stranger in a Strange Land
98%
The Angel and the Gambler
98%
The Book of Souls
98%
The Clairvoyant
98%
The Clansman
98%
The Duellists
98%
The Edge of Darkness
98%
The Evil That Men Do
98%
The Fugitive
98%
The Great Unknown
98%
The Ides of March
98%
The Loneliness of the Long Distance Runner
98%
The Man of Sorrows
98%
The Prisoner
98%
The Prophecy
98%
The Reincarnation of Benjamin Breeg
98%
The Time Machine
98%
The Trooper
98%
The Wicker Man
98%
The Writing on the Wall
98%
To Tame a Land
98%
When the Wild Wind Blows
98%
Brighter Than a Thousand Suns
97%
Can I Play with Madness
97%
Look for the Truth
97%
The Aftermath
97%
The Alchemist
97%
The Apparation
97%
The Assassin
97%
The Educated Fool
97%
The Fallen Angel
97%
The Legacy
97%
The Longest Day
97%
The Mercenary
97%
The Nomad
97%
The Parchment
97%
The Pilgrim
97%
The Red and the Black
97%
The Tailsman
97%
The Thin Line Between Love and Hate
97%
The Unbeliever
97%
When the River Runs Deep
97%
Dance of Death
91%
Flight of Icarus
89%
Judgement of Heaven
87%
Sea of Madness
87%
2 Minutes to Midnight
86%
Caught Somewhere in Time
86%
Days of Future Past
86%
Dream of Mirrors
86%
Hooks in You
86%
Mother of Mercy
86%
Fortunes of War
85%
Lord of Light
85%
Speed of Light
85%
Gates of Tomorrow
84%
Age of Innocence
83%
Chains of Misery
83%
Isle of Avalon
83%
Die With Your Boots On
79%
Be Quick of Be Dead
78%
From Here to Eternity
76%
Hallowed Be Thy Name
76%
Iron Maiden
75%
Judas Be My Guide
74%
Afraid to Shoot Strangers
72%
Hell on Earth
70%
Killers
67%
When Two Worlds Collide
67%
Sun and Steel
66%
Powerslave
65%
These Colours Don't Run
63%
Brave New World
62%
Death or Glory
59%
No More Lies
56%
Quest for Fire
56%
Run Silent Run Deep
56%
22 Acacia Avenue
55%
Aces High
55%
Public Enema Number One
55%
Heaven Can Wait
54%
Senjutsu
52%
Strange World
49%
Still Life
47%
Where Eagles Dare
47%
Prodigal Son
46%
Wasted Years
45%
Another Life
43%
Different World
42%
Wasting Love
42%
New Frontier
40%
If Eternity Should Fail
37%
Prowler
37%
Running Free
36%
Wrathchild
35%
Moonchild
34%
Blood Brothers
33%
Invaders
33%
Revelations
33%
Infinite Dreams
32%
Mother Russia
32%
Losfer Words (Big 'Orra)
31%
Deja-Vu
29%
Wildest Dreams
29%
Remember Tomorrow
28%
Transylvania
28%
Holy Smoke
27%
Gangland
26%
Genghis Khan
26%
Tailgunner
26%
El Dorado
23%
Purgatory
23%
Stratego
22%
Drifter
21%
Futureal
21%
Rainmaker
21%
Childhood's End
20%
Sanctuary
20%
Como Estais Amigos
19%
Journeyman
18%
Coming Home
17%
Innocent Exile
16%
Montségur
16%
Darkest Hour
14%
Lightning Strikes Twice
14%
Twilight Zone
14%
Fates Warning
12%
Pashendale
12%
Starblind
12%
No matching quizzes found
Score Distribution
Percent of People with Each Score
Percentile by Number Answered
Your Score History
You have not taken this quiz since the last reset